Normal view MARC view

Entry Personal Name

Number of records used in: 1

001 - CONTROL NUMBER

  • control field: 9607

003 - CONTROL NUMBER IDENTIFIER

  • control field: OSt

005 - DATE AND TIME OF LATEST TRANSACTION

  • control field: 20160624191806.0

008 - FIXED-LENGTH DATA ELEMENTS

  • fixed length control field: 160624|| aca||aabn | a|a d

040 ## - CATALOGING SOURCE

  • Original cataloging agency: OSt
  • Transcribing agency: OSt

100 ## - HEADING--PERSONAL NAME

  • Personal name: Truswell,A.stewart;

670 ## - SOURCE DATA FOUND

  • Source citation: Work cat.: (OSt): Truswell,A.stewart;, ABC of Nutrition., 2003.